Normal view
MARC view
Entry Personal Name
001 - CONTROL NUMBER
- control field: 870413
003 - CONTROL NUMBER IDENTIFIER
- control field: OSt
005 - DATE AND TIME OF LATEST TRANSACTION
- control field: 20260114155039.0
008 - FIXED-LENGTH DATA ELEMENTS
- fixed length control field: 260114|| aca||aabn | a|a d
040 ## - CATALOGING SOURCE
- Original cataloging agency: OSt
- Transcribing agency: OSt
100 ## - HEADING--PERSONAL NAME
- Personal name: भव्या कुमारी, ले
670 ## - SOURCE DATA FOUND
- Source citation: Work cat.: (OSt)1469880: भव्या कुमारी, ले., लोक साहित्य और शिष्ट साहित्य में स्त्री-अभिव्यक्ति का अध्ययन,विशेषकर भोजपुरी लोकगीतों और हिंदी स्त्री कविता के संदर्भ में, 2024
